Gene Regulation: (Record no. 3926)

MARC details
000 -LEADER
fixed length control field 00580nam a22002177a 4500
003 - CONTROL NUMBER IDENTIFIER
control field OSt
005 - DATE AND TIME OF LATEST TRANSACTION
control field 20210524101604.0
008 - FIXED-LENGTH DATA ELEMENTS--GENERAL INFORMATION
fixed length control field 160509b xxu||||| |||| 00| 0 eng d
020 ## - INTERNATIONAL STANDARD BOOK NUMBER
International Standard Book Number 0748739777
040 ## - CATALOGING SOURCE
Transcribing agency DDC.
082 ## - DEWEY DECIMAL CLASSIFICATION NUMBER
Classification number 572.86 LAT 1998.
100 ## - MAIN ENTRY--PERSONAL NAME
Personal name Latchman, David
9 (RLIN) 8596
245 ## - TITLE STATEMENT
Title Gene Regulation:
Remainder of title A eukaryotic perspective .
250 ## - EDITION STATEMENT
Edition statement 3rd ed.
260 ## - PUBLICATION, DISTRIBUTION, ETC. (IMPRINT)
Place of publication, distribution, etc. Cheltenham;
Name of publisher, distributor, etc. Stanley Thornes,
Date of publication, distribution, etc. 1998.
300 ## - PHYSICAL DESCRIPTION
Extent xi,329p;
Other physical details col,ill;
Dimensions 26cm.
504 ## - BIBLIOGRAPHY, ETC. NOTE
Bibliography, etc includes index.
650 ## - SUBJECT ADDED ENTRY--TOPICAL TERM
Topical term or geographic name as entry element Genes
9 (RLIN) 5602
650 ## - SUBJECT ADDED ENTRY--TOPICAL TERM
Topical term or geographic name as entry element Genetics regulation
9 (RLIN) 14285
942 ## - ADDED ENTRY ELEMENTS (KOHA)
Source of classification or shelving scheme Dewey Decimal Classification
Koha item type Short Loan
Holdings
Withdrawn status Lost status Source of classification or shelving scheme Damaged status Not for loan Home library Current library Date acquired Source of acquisition Inventory number Total Checkouts Full call number Barcode Date last seen Koha item type
    Dewey Decimal Classification     MUST Main Library MUST Main Library 09/05/2016 Donation 02/17709   572.86 LAT 1998. 2016-1673 09/05/2016 Short Loan
    Dewey Decimal Classification     MUST Main Library MUST Main Library 05/07/2016 Donation 01/15581   572.86 LAT 1998. 2016-2997 05/07/2016 Open Shelf
    Dewey Decimal Classification     MUST Main Library MUST Main Library 24/05/2021 Purchase 03/20536   572.86 LAT 1998. 2021-0594 24/05/2021 Open Shelf